|
|
|
|
| LEADER |
00000naa2a2200000 4500 |
| 001 |
113279 |
| 005 |
20231031121753.0 |
| 035 |
|
|
|a (RuTPU)RU\TPU\book\122516
|
| 090 |
|
|
|a 113279
|
| 100 |
|
|
|a 20070409d2006 k y0rusy50 ca
|
| 101 |
0 |
|
|a rus
|
| 102 |
|
|
|a RU
|
| 200 |
1 |
|
|a Метод измерения длины стальных канатов с помощью нанесения магнитных меток
|f Е. И. Уразбеков
|
| 320 |
|
|
|a Библиогр.: 3 назв.
|
| 461 |
|
1 |
|0 (RuTPU)RU\TPU\book\111998
|t Современные техника и технологии
|o 12-я международная научно-практическая конференция студентов, аспирантов и молодых ученых, г. Томск, 27 марта - 31 марта 2006 г.
|o труды в 2 т.
|f Томский политехнический университет
|d 2006
|
| 463 |
|
0 |
|0 (RuTPU)RU\TPU\book\111471
|t Т. 1
|v С. 135-137
|d 2006
|p 524 с.
|
| 610 |
1 |
|
|a измерения
|
| 610 |
1 |
|
|a методы измерения
|
| 610 |
1 |
|
|a магнитные метки
|
| 610 |
1 |
|
|a стальные канаты
|
| 610 |
1 |
|
|a длина
|
| 610 |
1 |
|
|a труды учёных ТПУ
|
| 700 |
|
1 |
|a Уразбеков
|b Е. И.
|
| 801 |
|
1 |
|a RU
|b 63413507
|c 20070409
|g PSBO
|
| 801 |
|
2 |
|a RU
|b 63413507
|c 20141101
|g RCR
|
| 942 |
|
|
|c BK
|